Quo vadis, svetová ekonomika?

Svetová ekonomika pod tlakom globalizácie a rozsiahle zmeny v jej fungovaní. Miera interdependencie a hospodársky vývoj Číny. Zmeny v dopyte a teritoriálne toky na medzinárodných trhoch.

Enregistré dans:
Détails bibliographiques
Auteur principal: Baláž, Peter
Format: Chapitre de livre
Langue:slovaque
anglais
Sujets:
Tags: Ajouter un tag
Pas de tags, Soyez le premier à ajouter un tag!

MARC

LEADER 00000naa a2200000 4500
001 0219952
005 20240502073622.7
041 0 |a slo 
041 0 |a eng 
044 |a SK 
245 1 0 |a Quo vadis, svetová ekonomika?  |c Peter Baláž 
500 |a Anglická verzia článku na strane 11 
520 |a Svetová ekonomika pod tlakom globalizácie a rozsiahle zmeny v jej fungovaní. Miera interdependencie a hospodársky vývoj Číny. Zmeny v dopyte a teritoriálne toky na medzinárodných trhoch. 
610 2 0 |a hospodárstvo svetové 
610 2 0 |a ekonómia medzinárodná 
610 2 0 |a vzťahy hospodárske medzinárodné 
610 2 0 |a globalizácia hospodárstva 
610 2 0 |a interdependencia 
100 1 |a Baláž, Peter